[Event "TCh-FRA Top 16 Gp A/B"]
[Site "Clichy"]
[Date "2007.06.02"]
[Round "10.5"]
[White "Brunner, Nicolas"]
[Black "Reinhart, Emmanuel"]
[Result "1-0"]
[WhiteElo "2439"]
[BlackElo "2299"]
[PlyCount "123"]
[EventDate "2007.05.??"]
[EventType "team"]
[EventRounds "11"]
[EventCountry "FRA"]
[SourceDate "2007.01.01"]
[WhiteTeam "Vandoeuvre"]
[BlackTeam "Strasbourg"]
[WhiteTeamCountry "FRA"]
[BlackTeamCountry "FRA"]

1. d4 d5 2. c4 c6 3. Nf3 Nf6 4. Nc3 dxc4 5. a4 Bf5 6. Ne5 Nbd7 7. Nxc4 Qc7 8.
g3 e5 9. dxe5 Nxe5 10. Bf4 Nfd7 11. Bg2 g5 12. Ne3 gxf4 13. Nxf5 O-O-O 14. Qc2
Nc5 15. O-O Ne6 16. Rfd1 fxg3 17. Rxd8+ Qxd8 18. hxg3 Qc7 19. Rd1 Kb8 20. Ne4
Bb4 21. Nf6 Rd8 22. Nxh7 Rxd1+ 23. Qxd1 Qd7 24. Qxd7 Nxd7 25. Be4 Kc7 26. Nh6
f6 27. Ng8 Ndc5 28. Bc2 b5 29. axb5 cxb5 30. Nhxf6 Kd6 31. e3 a5 32. Kf1 Na4
33. Ne4+ Kc6 34. b3 Nb6 35. f4 Nd5 36. Ke2 Nc5 37. Nxc5 Kxc5 38. g4 a4 39. bxa4
bxa4 40. g5 a3 41. Bb3 a2 42. Bxa2 Nc3+ 43. Kf3 Nxa2 44. g6 Bc3 45. Ne7 Nb4 46.
e4 Kd6 47. g7 Bxg7 48. Nf5+ Ke6 49. Nxg7+ Kf6 50. Nh5+ Kg6 51. Kg4 Nd3 52. e5
Kf7 53. Kf5 Nc5 54. Nf6 Ne6 55. Ke4 Nc5+ 56. Kd5 Ne6 57. f5 Ng7 58. Ke4 Ke7 59.
Nd5+ Kf7 60. Nf4 Ne8 61. e6+ Ke7 62. Ke5 1-0

[Event "TCh-FRA Top 16 Gp A/B"]
[Site "Clichy"]
[Date "2007.06.02"]
[Round "10.6"]
[White "Roos, Jean Luc"]
[Black "Philippe, Christophe"]
[Result "1-0"]
[WhiteElo "2294"]
[BlackElo "2354"]
[PlyCount "203"]
[EventDate "2007.05.??"]
[EventType "team"]
[EventRounds "11"]
[EventCountry "FRA"]
[SourceDate "2007.01.01"]
[WhiteTeam "Strasbourg"]
[WhiteTeamCountry "FRA"]
[BlackTeamCountry "FRA"]

1. d4 f5 2. g3 Nf6 3. Bg2 g6 4. Nf3 Bg7 5. c4 d6 6. O-O O-O 7. Nc3 Qe8 8. d5 a5
9. Ne1 Na6 10. Nd3 Bd7 11. Re1 Qf7 12. e4 fxe4 13. Nxe4 Nxe4 14. Rxe4 Bf5 15.
Rf4 g5 16. Rf3 Qg6 17. h3 h6 18. g4 Be4 19. Re3 Bxd3 20. Qxd3 Qxd3 21. Rxd3 Nc5
22. Rd1 b6 23. Rb1 Rf7 24. Be3 Raf8 25. b3 Be5 26. a3 Kg7 27. b4 axb4 28. axb4
Na4 29. Rd2 Nc3 30. Rc1 Ra8 31. c5 bxc5 32. bxc5 Rff8 33. Rdc2 Ra3 34. Re1 Bf6
35. Bf3 Rfa8 36. Kg2 R8a5 37. Rec1 Nb5 38. Rc4 R5a4 39. Rxa4 Rxa4 40. Rb1 Nd4
41. Rb7 dxc5 42. Rxc7 Nxf3 43. Kxf3 Kg6 44. Rxc5 h5 45. Rc7 hxg4+ 46. hxg4 Ra3
47. Ra7 Rb3 48. Ra4 Rc3 49. Ke4 Rb3 50. Bc5 Rc3 51. Be3 Rb3 52. f3 Rb1 53. Bd2
Rb2 54. Be3 Rb1 55. Rc4 Rb2 56. Bd4 Bxd4 57. Kxd4 Re2 58. Rc3 Kf6 59. Rc6+ Kf7
60. Rc2 Kf6 61. Rc6+ Kf7 62. Re6 Rf2 63. Ke4 Rf1 64. Re5 Kf6 65. Re6+ Kf7 66.
Ra6 Rf2 67. Ra3 Kf6 68. Rc3 Rf1 69. Rc6+ Kf7 70. Re6 Rf2 71. Kf5 Rxf3+ 72. Kxg5
Rd3 73. Re5 Rd1 74. Rf5+ Kg7 75. Kf4 Kg6 76. Re5 Rf1+ 77. Ke4 Re1+ 78. Kd4 Rd1+
79. Kc5 Rc1+ 80. Kb6 Kf7 81. g5 Rc2 82. g6+ Ke8 83. Rg5 Kf8 84. g7+ Kg8 85. Re5
Rb2+ 86. Kc7 Ra2 87. Rxe7 Ra7+ 88. Kd6 Ra1 89. Rc7 Rd1 90. Rc2 Ra1 91. Rg2 Ra6+
92. Ke5 Ra5 93. Ke6 Ra1 94. d6 Re1+ 95. Kd7 Rd1 96. Ke7 Re1+ 97. Kd8 Rd1 98. d7
Rc1 99. Rg5 Rc2 100. Ke7 Re2+ 101. Kd6 Rd2+ 102. Rd5 1-0

[Event "TCh-FRA Top 16 Gp A/B"]
[Site "Clichy"]
[Date "2007.06.02"]
[Round "10.7"]
[White "Paci, Cedric"]
[Black "Roos, Louis"]
[Result "0-1"]
[WhiteElo "2291"]
[BlackElo "2345"]
[PlyCount "104"]
[EventDate "2007.05.??"]
[EventType "team"]
[EventRounds "11"]
[EventCountry "FRA"]
[SourceDate "2007.01.01"]
[WhiteTeam "Vandoeuvre"]
[BlackTeam "Strasbourg"]
[WhiteTeamCountry "FRA"]
[BlackTeamCountry "FRA"]

1. Nf3 c5 2. c4 Nf6 3. Nc3 b6 4. g3 Bb7 5. Bg2 e5 6. O-O d6 7. e3 Be7 8. d4
Nbd7 9. d5 a6 10. a4 O-O 11. Nh4 Ne8 12. Nf5 g6 13. Nxe7+ Qxe7 14. e4 Ng7 15.
Bh6 Rab8 16. f4 exf4 17. gxf4 f6 18. Qd3 Kh8 19. Rae1 Rg8 20. Bh3 g5 21. Kh1
gxf4 22. Bxd7 Qxd7 23. Rxf4 Ne8 24. Rf3 Qe7 25. Ne2 Bc8 26. Ng3 Bd7 27. Nf5
Bxf5 28. Rxf5 Rg6 29. Bd2 Ng7 30. Bc3 Rg8 31. Rf3 Ne8 32. Rg3 Qd7 33. Reg1 Rxg3
34. Rxg3 Qxa4 35. Qf3 Rxg3 36. hxg3 Kg8 37. Qg4+ Kf8 38. Qh5 Qxc4 39. Qxh7 Qf1+
40. Kh2 Qf2+ 41. Kh3 Qf3 42. Kh2 b5 43. Ba5 Qg4 44. Bd8 Qg7 45. Qh5 b4 46. b3
c4 47. bxc4 b3 48. Qf3 b2 49. Qb3 Qh6+ 50. Kg2 Qd2+ 51. Kh3 Qc1 52. Qb7 Qh1+
0-1

[Event "TCh-FRA Top 16 Gp A/B"]
[Site "Clichy"]
[Date "2007.06.02"]
[Round "10.8"]
[White "Roos, Louise"]
[Black "Klipper, Rebecca"]
[Result "0-1"]
[WhiteElo "1948"]
[BlackElo "2026"]
[PlyCount "48"]
[EventDate "2007.05.??"]
[EventType "team"]
[EventRounds "11"]
[EventCountry "FRA"]
[SourceDate "2007.01.01"]
[WhiteTeam "Strasbourg"]
[WhiteTeamCountry "FRA"]
[BlackTeamCountry "FRA"]

1. e4 e5 2. Nf3 d6 3. d4 exd4 4. Nxd4 g6 5. Nc3 Nf6 6. Be2 Bg7 7. O-O O-O 8.
Nb3 Nc6 9. Re1 Be6 10. Bf1 d5 11. Nc5 d4 12. Nxe6 fxe6 13. Nb5 a6 14. Na3 Ne5
15. Nc4 Nfg4 16. f4 d3 17. fxe5 Qd4+ 18. Be3 Nxe3 19. Nxe3 d2 20. Re2 Bh6 21.
c3 Bxe3+ 22. Kh1 Qb6 23. Qb3 Qxb3 24. axb3 Rad8 0-1

[Event "TCh-FRA Top 16 Gp A/B"]
[Site "Clichy"]
[Date "2007.06.02"]
[Round "10.1"]
[White "Nataf, Igor Alexandre"]
[Black "Prie, Eric"]
[Result "1-0"]
[WhiteElo "2596"]
[BlackElo "2513"]
[PlyCount "33"]
[EventDate "2007.05.??"]
[EventType "team"]
[EventRounds "11"]
[EventCountry "FRA"]
[SourceDate "2007.01.01"]
[WhiteTeam "Paris Chess Club"]
[BlackTeam "Montpellier"]
[WhiteTeamCountry "FRA"]
[BlackTeamCountry "FRA"]

1. e4 d5 2. exd5 Qxd5 3. Nc3 Qa5 4. d4 Nf6 5. Bd2 Bg4 6. f3 Bf5 7. Bc4 Qb6 8.
g4 Bg6 9. g5 Qxd4 10. Qe2 Qh4+ 11. Kf1 Nh5 12. Nd5 Kd8 13. f4 Ng3+ 14. hxg3
Qxh1 15. Qe5 Nd7 16. Qxc7+ Ke8 17. Qxb7 1-0

[Event "TCh-FRA Top 16 Gp A/B"]
[Site "Clichy"]
[Date "2007.06.02"]
[Round "10.3"]
[White "Hauchard, Arnaud"]
[Black "Maze, Sebastien"]
[Result "1/2-1/2"]
[WhiteElo "2474"]
[BlackElo "2506"]
[PlyCount "33"]
[EventDate "2007.05.??"]
[EventType "team"]
[EventRounds "11"]
[EventCountry "FRA"]
[SourceDate "2007.01.01"]
[WhiteTeam "Paris Chess Club"]
[BlackTeam "Montpellier"]
[WhiteTeamCountry "FRA"]
[BlackTeamCountry "FRA"]

1. d4 Nf6 2. c4 g6 3. Nc3 d5 4. Nf3 Bg7 5. Qb3 dxc4 6. Qxc4 O-O 7. e4 Na6 8.
Bf4 c5 9. dxc5 Be6 10. Qb5 Bd7 11. Qxb7 Nxc5 12. Qb4 Ne6 13. Be5 a5 14. Qa3 Bc6
15. Bc4 Nxe4 16. Bxg7 Kxg7 17. O-O 1/2-1/2

[Event "TCh-FRA Top 16 Gp A/B"]
[Site "Clichy"]
[Date "2007.06.02"]
[Round "10.4"]
[White "Hamdouchi, Hichem"]
[Black "Pile, Richard"]
[Result "1/2-1/2"]
[WhiteElo "2598"]
[BlackElo "2285"]
[PlyCount "112"]
[EventDate "2007.05.??"]
[EventType "team"]
[EventRounds "11"]
[EventCountry "FRA"]
[SourceDate "2007.01.01"]
[WhiteTeam "Montpellier"]
[WhiteTeamCountry "FRA"]
[BlackTeamCountry "FRA"]

1. d4 Nf6 2. Nf3 e6 3. Bg5 c5 4. c3 Nc6 5. e3 h6 6. Bxf6 Qxf6 7. Nbd2 d5 8. Bb5
Bd6 9. O-O O-O 10. Re1 Qd8 11. Ba4 Qb6 12. Rb1 Rd8 13. Qe2 Bd7 14. Bc2 Qa6 15.
Bd3 Qb6 16. dxc5 Bxc5 17. b4 Bf8 18. e4 Ne7 19. c4 dxc4 20. Nxc4 Qc7 21. b5 Ng6
22. g3 e5 23. Rec1 Bc5 24. b6 Qb8 25. bxa7 Bxa7 26. Nb6 Bxb6 27. Rxb6 Qa7 28.
Rcb1 Be6 29. Rxe6 fxe6 30. Bc4 Rd6 31. h4 Rf8 32. h5 Ne7 33. Nxe5 Nc6 34. Ng6
Nd4 35. Qb2 Rf7 36. Kg2 Qc5 37. Qb4 Qxb4 38. Rxb4 Rc7 39. e5 Rd8 40. Nf4 Kf7
41. a4 Rdd7 42. Ba2 Ke7 43. Ng6+ Kf7 44. Bb1 Rc5 45. Be4 Rcc7 46. a5 Kg8 47. a6
b5 48. Bb7 Rd8 49. Rb2 Rc4 50. a7 Ra4 51. a8=Q Rdxa8 52. Bxa8 Rxa8 53. Rb4 Ra4
54. Rb1 Ra8 55. Rb4 Ra4 56. Rb1 Ra8 1/2-1/2

[Event "TCh-FRA Top 16 Gp A/B"]
[Site "Clichy"]
[Date "2007.06.02"]
[Round "10.5"]
[White "De Sousa, Jose Claude"]
[Black "Flear, Glenn C"]
[Result "0-1"]
[WhiteElo "2294"]
[BlackElo "2476"]
[PlyCount "104"]
[EventDate "2007.05.??"]
[EventType "team"]
[EventRounds "11"]
[EventCountry "FRA"]
[SourceDate "2007.01.01"]
[WhiteTeam "Paris Chess Club"]
[BlackTeam "Montpellier"]
[WhiteTeamCountry "FRA"]
[BlackTeamCountry "FRA"]

1. e4 e5 2. Nf3 Nc6 3. Bb5 a6 4. Ba4 Nf6 5. O-O b5 6. Bb3 Be7 7. Re1 O-O 8. c3
d6 9. h3 Na5 10. Bc2 c5 11. d4 Nd7 12. Nbd2 exd4 13. cxd4 Nc6 14. d5 Nce5 15.
Nxe5 Nxe5 16. f4 Ng6 17. Nf3 Bh4 18. Nxh4 Qxh4 19. f5 Ne5 20. Rf1 Re8 21. Bf4
Qe7 22. Qh5 f6 23. g4 h6 24. Qh4 Bd7 25. Qg3 b4 26. h4 Nf7 27. Rae1 Bb5 28. Rf2
a5 29. Re3 a4 30. Rg2 Ra7 31. Qh3 c4 32. Bb1 Rc7 33. Reg3 c3 34. bxc3 Rec8 35.
g5 hxg5 36. hxg5 Nxg5 37. Bxg5 fxg5 38. Rxg5 Rxc3 39. Rxg7+ Qxg7 40. Rxg7+ Kxg7
41. f6+ Kxf6 42. Qf5+ Kg7 43. e5 Rc1+ 44. Kg2 Bf1+ 45. Kg3 R1c3+ 46. Kh2 Rh8+
47. Kg1 Rg3+ 48. Kf2 Rf8 49. Qxf8+ Kxf8 50. Kxg3 dxe5 51. d6 Bc4 52. Kf3 Bxa2
0-1

[Event "TCh-FRA Top 16 Gp A/B"]
[Site "Clichy"]
[Date "2007.06.02"]
[Round "10.6"]
[White "Libiszewski, Fabien"]
[Black "Spiridonov, Nikola"]
[Result "1-0"]
[WhiteElo "2486"]
[BlackElo "2363"]
[PlyCount "81"]
[EventDate "2007.05.??"]
[EventType "team"]
[EventRounds "11"]
[EventCountry "FRA"]
[SourceDate "2007.01.01"]
[WhiteTeam "Montpellier"]
[WhiteTeamCountry "FRA"]
[BlackTeamCountry "FRA"]

1. e4 e6 2. d4 d5 3. Nc3 Bb4 4. exd5 exd5 5. Bd3 Ne7 6. Qh5 Nbc6 7. a3 Bxc3+ 8.
bxc3 Be6 9. Rb1 b6 10. Nf3 Qd7 11. Ng5 O-O-O 12. Nxe6 Qxe6+ 13. Be3 g6 14. Qf3
Nf5 15. O-O Nxe3 16. Rfe1 Qg4 17. Ba6+ Kb8 18. Rxe3 Qxf3 19. Rxf3 f5 20. Re3
Rhe8 21. Rbe1 Rxe3 22. Rxe3 Ka8 23. Re6 Nb8 24. Bb5 a6 25. Bd3 Kb7 26. h4 Kc8
27. Rf6 Rd6 28. Rxd6 cxd6 29. c4 Kd8 30. cxd5 b5 31. c4 bxc4 32. Bxc4 a5 33.
Bb5 Nd7 34. Bxd7 Kxd7 35. a4 h6 36. Kf1 g5 37. hxg5 hxg5 38. Ke2 Kd8 39. Kd3
Kc7 40. Kc4 Kb6 41. g4 1-0

[Event "TCh-FRA Top 16 Gp A/B"]
[Site "Clichy"]
[Date "2007.06.02"]
[Round "10.7"]
[White "Le Roy, Brice"]
[Black "Marzolo, Cyril"]
[Result "1/2-1/2"]
[WhiteElo "2296"]
[BlackElo "2459"]
[PlyCount "77"]
[EventDate "2007.05.??"]
[EventType "team"]
[EventRounds "11"]
[EventCountry "FRA"]
[SourceDate "2007.01.01"]
[WhiteTeam "Paris Chess Club"]
[BlackTeam "Montpellier"]
[WhiteTeamCountry "FRA"]
[BlackTeamCountry "FRA"]

1. e4 c5 2. Nf3 e6 3. d4 cxd4 4. Nxd4 a6 5. Bd3 Nf6 6. O-O Qc7 7. Qe2 d6 8. Kh1
g6 9. f4 Bg7 10. f5 O-O 11. Nc3 Nc6 12. Nxc6 bxc6 13. Bg5 exf5 14. exf5 d5 15.
Rae1 Bd7 16. Qf3 Qd6 17. a3 a5 18. Bf4 Qc5 19. Be5 a4 20. g4 g5 21. h4 h6 22.
hxg5 hxg5 23. Kg2 Rfe8 24. Rh1 Rxe5 25. Rxe5 Qd4 26. Re7 Rd8 27. Kh3 Bf8 28.
Ree1 Bd6 29. Ne2 Qxb2 30. Qe3 Nh7 31. Kg2 Re8 32. Qa7 Nf6 33. Rh6 Bb8 34. Qxa4
c5 35. Qa6 Nxg4 36. Rh5 Ne3+ 37. Kf2 Ng4+ 38. Kg2 Ne3+ 39. Kf2 1/2-1/2

[Event "TCh-FRA Top 16 Gp A/B"]
[Site "Clichy"]
[Date "2007.06.02"]
[Round "10.8"]
[White "Flear, Christine"]
[Black "Aflalo, Sophie"]
[Result "1-0"]
[WhiteElo "2168"]
[BlackElo "1954"]
[PlyCount "55"]
[EventDate "2007.05.??"]
[EventType "team"]
[EventRounds "11"]
[EventCountry "FRA"]
[SourceDate "2007.01.01"]
[WhiteTeam "Montpellier"]
[WhiteTeamCountry "FRA"]
[BlackTeamCountry "FRA"]

1. d4 Nf6 2. c4 c5 3. d5 a6 4. Qc2 g6 5. e4 d6 6. Nc3 e6 7. Bg5 Bg7 8. Bd3 Nbd7
9. f4 Qa5 10. Nf3 h6 11. dxe6 fxe6 12. e5 hxg5 13. Bxg6+ Ke7 14. exf6+ Bxf6 15.
fxg5 Bxc3+ 16. bxc3 b5 17. Be4 Rb8 18. O-O Qc7 19. Qf2 Bb7 20. Bxb7 Qxb7 21.
Rae1 Rhg8 22. Qe3 Nf8 23. Nh4 bxc4 24. Qf4 Kd7 25. Qf7+ Kc6 26. Qxg8 Nh7 27.
Qxe6 Nxg5 28. Qxc4 1-0

[Event "TCh-FRA Top 16 Gp A/B"]
[Site "Clichy"]
[Date "2007.06.02"]
[Round "10.1"]
[White "Miton, Kamil"]
[Black "Riazantsev, Alexander"]
[Result "1/2-1/2"]
[WhiteElo "2653"]
[BlackElo "2621"]
[PlyCount "40"]
[EventDate "2007.05.??"]
[EventType "team"]
[EventRounds "11"]
[EventCountry "FRA"]
[SourceDate "2007.01.01"]
[WhiteTeam "Marseille"]
[BlackTeam "Metz"]
[WhiteTeamCountry "FRA"]
[BlackTeamCountry "FRA"]

1. d4 d5 2. c4 c6 3. Nc3 Nf6 4. Nf3 dxc4 5. a4 Bf5 6. e3 Nbd7 7. Bxc4 e6 8. O-O
Bb4 9. Qe2 Bg6 10. e4 O-O 11. Bd3 Bh5 12. e5 Nd5 13. Nxd5 cxd5 14. Qe3 Bg6 15.
Ng5 Re8 16. f4 Bxd3 17. Qxd3 f5 18. exf6 Nxf6 19. Be3 Qd7 20. Nf3 Bd6 1/2-1/2

[Event "TCh-FRA Top 16 Gp A/B"]
[Site "Clichy"]
[Date "2007.06.02"]
[Round "10.2"]
[White "Postny, Evgeny"]
[Black "Genov, Petar"]
[Result "1-0"]
[WhiteElo "2622"]
[BlackElo "2474"]
[PlyCount "71"]
[EventDate "2007.05.??"]
[EventType "team"]
[EventRounds "11"]
[EventCountry "FRA"]
[SourceDate "2007.01.01"]
[WhiteTeam "Metz"]
[WhiteTeamCountry "FRA"]
[BlackTeamCountry "FRA"]

1. d4 Nf6 2. c4 e6 3. Nf3 b6 4. g3 Bb7 5. Bg2 Bb4+ 6. Bd2 Bxd2+ 7. Qxd2 O-O 8.
Nc3 d6 9. d5 e5 10. O-O a5 11. Ne1 Nbd7 12. Nc2 Qe7 13. Rae1 Nc5 14. e4 c6 15.
f4 Rad8 16. dxc6 Bxc6 17. Nd5 Nxd5 18. exd5 Bb7 19. Nd4 g6 20. f5 Rfe8 21. f6
Qf8 22. Ne6 fxe6 23. f7+ Qxf7 24. Rxf7 Kxf7 25. dxe6+ Rxe6 26. Rf1+ Kg8 27.
Bxb7 Nxb7 28. Qf2 Re7 29. Qxb6 e4 30. Qe3 Nc5 31. h4 Rf8 32. Rxf8+ Kxf8 33.
Qf4+ Ke8 34. Qxd6 e3 35. Qxc5 e2 36. Qxe7+ 1-0

[Event "TCh-FRA Top 16 Gp A/B"]
[Site "Clichy"]
[Date "2007.06.02"]
[Round "10.3"]
[White "De la Riva Aguado, Oscar"]
[Black "Eingorn, Vereslav S"]
[Result "1/2-1/2"]
[WhiteElo "2525"]
[BlackElo "2588"]
[PlyCount "33"]
[EventDate "2007.05.??"]
[EventType "team"]
[EventRounds "11"]
[EventCountry "FRA"]
[SourceDate "2007.01.01"]
[WhiteTeam "Marseille"]
[BlackTeam "Metz"]
[WhiteTeamCountry "FRA"]
[BlackTeamCountry "FRA"]

1. e4 g6 2. d4 c6 3. Nc3 d5 4. Nf3 Bg7 5. h3 dxe4 6. Nxe4 Nf6 7. Nxf6+ exf6 8.
Bd3 O-O 9. O-O Re8 10. c4 Na6 11. Bd2 Nc7 12. Qc2 Ne6 13. Rfe1 Bd7 14. Rad1 Ng5
15. Rxe8+ Bxe8 16. Nxg5 fxg5 17. Be3 1/2-1/2

[Event "TCh-FRA Top 16 Gp A/B"]
[Site "Clichy"]
[Date "2007.06.02"]
[Round "10.4"]
[White "Koch, Jean Rene"]
[Black "Jedynak, Radoslaw"]
[Result "0-1"]
[WhiteElo "2451"]
[BlackElo "2538"]
[PlyCount "78"]
[EventDate "2007.05.??"]
[EventType "team"]
[EventRounds "11"]
[EventCountry "FRA"]
[SourceDate "2007.01.01"]
[WhiteTeam "Metz"]
[WhiteTeamCountry "FRA"]
[BlackTeamCountry "FRA"]

1. e4 e6 2. d3 d5 3. Nd2 Nf6 4. Ngf3 Nc6 5. c3 a5 6. Be2 Be7 7. O-O e5 8. b3
O-O 9. a3 Nh5 10. exd5 Qxd5 11. c4 Qd8 12. g3 g6 13. Bb2 Bf6 14. Ne4 Bg7 15. b4
f5 16. Nc3 axb4 17. axb4 Rxa1 18. Bxa1 Nxb4 19. Re1 Nc6 20. Nb5 f4 21. d4 e4
22. Ne5 e3 23. fxe3 fxg3 24. Bxh5 Qh4 25. Re2 Nxe5 26. dxe5 Qxh5 27. hxg3 c6
28. e6 Bxe6 29. Bxg7 Kxg7 30. Nc7 Bg4 31. Qd4+ Kg8 32. Rf2 Rxf2 33. Kxf2 Qh2+
34. Kf1 Qh1+ 35. Kf2 Qf3+ 36. Kg1 Qxg3+ 37. Kf1 Bh3+ 38. Ke2 Qh2+ 39. Kd3 Qxc7
0-1

[Event "TCh-FRA Top 16 Gp A/B"]
[Site "Clichy"]
[Date "2007.06.02"]
[Round "10.5"]
[White "Gozzoli, Yannick"]
[Black "Taddei, Benoit"]
[Result "0-1"]
[WhiteElo "2453"]
[BlackElo "2247"]
[PlyCount "88"]
[EventDate "2007.05.??"]
[EventType "team"]
[EventRounds "11"]
[EventCountry "FRA"]
[SourceDate "2007.01.01"]
[WhiteTeam "Marseille"]
[BlackTeam "Metz"]
[WhiteTeamCountry "FRA"]
[BlackTeamCountry "FRA"]

1. d4 d5 2. Nf3 Nc6 3. e3 a6 4. c4 e6 5. Nbd2 Nf6 6. a3 g6 7. b4 Bg7 8. Bb2 O-O
9. Be2 Ne4 10. Nxe4 dxe4 11. Nd2 f5 12. Qb3 b6 13. O-O-O Bb7 14. f3 exf3 15.
Bxf3 Qc8 16. Kb1 Kh8 17. h4 h6 18. Bc3 Nd8 19. Qb2 Nf7 20. d5 e5 21. e4 c6 22.
h5 g5 23. exf5 cxd5 24. cxd5 Rd8 25. Qb3 Qxf5+ 26. Be4 Qg4 27. Bf3 Qf5+ 28. Be4
Qg4 29. Rde1 Rac8 30. Nf3 b5 31. Bb2 Rc4 32. Nd2 Rc7 33. Bf3 Qf5+ 34. Be4 Qg4
35. Ka1 Rcd7 36. Qd3 Nd6 37. Bf3 Qg3 38. Re2 g4 39. Nf1 Qf4 40. Be4 Nxe4 41.
Rxe4 Rxd5 42. Qxd5 Rxd5 43. Rxf4 Rd1+ 44. Bc1 exf4+ 0-1

[Event "TCh-FRA Top 16 Gp A/B"]
[Site "Clichy"]
[Date "2007.06.02"]
[Round "10.6"]
[White "Pucher, Olivier"]
[Black "Amigues, Emmanuel"]
[Result "1-0"]
[WhiteElo "2315"]
[BlackElo "2388"]
[PlyCount "67"]
[EventDate "2007.05.??"]
[EventType "team"]
[EventRounds "11"]
[EventCountry "FRA"]
[SourceDate "2007.01.01"]
[WhiteTeam "Metz"]
[WhiteTeamCountry "FRA"]
[BlackTeamCountry "FRA"]

1. c4 e6 2. d4 b6 3. a3 Nf6 4. Nc3 c5 5. d5 exd5 6. cxd5 d6 7. Nf3 g6 8. Bf4
Ba6 9. Qa4+ Qd7 10. Qc2 Be7 11. e4 Bxf1 12. Rxf1 O-O 13. O-O-O Na6 14. e5 Nh5
15. exd6 Bxd6 16. Bxd6 Qxd6 17. Rfe1 Nc7 18. Ne4 Qf4+ 19. Kb1 Rad8 20. d6 Ne6
21. Qc3 b5 22. d7 a5 23. Nxc5 Qf5+ 24. Ne4 Nef4 25. Nh4 Qg4 26. g3 f5 27. h3
Nxh3 28. f3 Qxh4 29. gxh4 fxe4 30. fxe4 Nf2 31. Rd6 b4 32. Qc4+ Kh8 33. Rf1 Ng7
34. Qd4 1-0

[Event "TCh-FRA Top 16 Gp A/B"]
[Site "Clichy"]
[Date "2007.06.02"]
[Round "10.7"]
[White "Guadalpi, David"]
[Black "Hisler, Thomas"]
[Result "0-1"]
[WhiteElo "2336"]
[BlackElo "2223"]
[PlyCount "114"]
[EventDate "2007.05.??"]
[EventType "team"]
[EventRounds "11"]
[EventCountry "FRA"]
[SourceDate "2007.01.01"]
[WhiteTeam "Marseille"]
[BlackTeam "Metz"]
[WhiteTeamCountry "FRA"]
[BlackTeamCountry "FRA"]

1. Nf3 f5 2. c4 Nf6 3. g3 e6 4. Bg2 Be7 5. O-O O-O 6. d4 d6 7. b4 Ne4 8. Qc2
Bf6 9. Bb2 Qe8 10. a4 Nc6 11. b5 Nd8 12. Rc1 a6 13. Ra3 Bd7 14. e3 Qh5 15. Nbd2
Nxd2 16. Qxd2 Nf7 17. Rb3 axb5 18. axb5 g5 19. Ne1 Bc8 20. c5 d5 21. f3 c6 22.
Nd3 Bd7 23. b6 Qg6 24. Re1 Qg7 25. f4 h5 26. Qf2 Nh6 27. h3 Qe7 28. Ra1 Rxa1+
29. Bxa1 Ra8 30. Bb2 Qd8 31. fxg5 Bxg5 32. Ne5 Be8 33. Bf3 Ra2 34. Qe2 h4 35.
g4 Qa8 36. Qg2 Qd8 37. Bd1 Kh8 38. Bc2 Qf6 39. Bb1 Ra8 40. gxf5 Nxf5 41. Qf3
Ng3 42. e4 Qg7 43. Qg2 Bh5 44. Ng4 Bg6 45. exd5 Bxb1 46. dxc6 Be4 47. d5 Ra1+
48. Kh2 Nf1+ 49. Kg1 Ng3+ 50. Kf2 Ra2 51. cxb7 Qd4+ 52. Ke1 Ra1+ 53. Bxa1 Qxa1+
54. Kf2 Qa2+ 55. Ke1 Qa1+ 56. Kf2 Qa2+ 57. Ke1 Qa5+ 0-1

[Event "TCh-FRA Top 16 Gp A/B"]
[Site "Clichy"]
[Date "2007.06.02"]
[Round "10.8"]
[White "Leclair, Marie"]
[Black "Delorme, Laurie"]
[Result "0-1"]
[WhiteElo "2024"]
[BlackElo "2026"]
[PlyCount "130"]
[EventDate "2007.05.??"]
[EventType "team"]
[EventRounds "11"]
[EventCountry "FRA"]
[SourceDate "2007.01.01"]
[WhiteTeam "Metz"]
[WhiteTeamCountry "FRA"]
[BlackTeamCountry "FRA"]

1. e4 e5 2. Nf3 Nc6 3. Nc3 Nf6 4. d4 exd4 5. Nxd4 Bb4 6. Nxc6 bxc6 7. Bd3 d5 8.
exd5 cxd5 9. O-O O-O 10. Bg5 c6 11. Na4 h6 12. Bh4 Bd6 13. c3 Bf4 14. h3 Qd6
15. Qf3 Re8 16. Rad1 Qe5 17. Nc5 Ne4 18. Nb3 c5 19. Bxe4 dxe4 20. Qe2 a5 21. g3
Bg5 22. f4 exf3 23. Qxe5 Rxe5 24. Bxg5 hxg5 25. Rd8+ Kh7 26. Rxf3 Re1+ 27. Kf2
Rf1+ 28. Kxf1 Bxh3+ 29. Ke1 Rxd8 30. Rxf7 Rd3 31. Kf2 Rd1 32. Ra7 Rb1 33. Rxa5
Rxb2+ 34. Ke3 Rg2 35. Nxc5 Rxg3+ 36. Kd4 Bf1 37. Ne4 Rd3+ 38. Ke5 g4 39. Kf4
Be2 40. Rh5+ Kg8 41. Rg5 Rf3+ 42. Ke5 Rf7 43. Ng3 Bf3 44. Nf5 Kh7 45. Ke6 Ra7
46. Ne7 Ra6+ 47. Kd7 Kh6 48. Re5 Rxa2 49. Nf5+ Kg5 50. Nd4+ Kf4 51. Rf5+ Ke4
52. Ke6 Ra6+ 53. Kd7 Ra4 54. Rg5 Kd3 55. Ne6 Kxc3 56. Nxg7 Kd3 57. Nh5 Ke3 58.
Ke6 Ra6+ 59. Kd7 Kf2 60. Ke7 Ra4 61. Kf6 Kg2 62. Kg6 Kh3 63. Kf5 Kh4 64. Kf6
Ra6+ 65. Kf5 Ra5+ 0-1

[Event "TCh-FRA Top 16 Gp A/B"]
[Site "Clichy"]
[Date "2007.06.02"]
[Round "10.1"]
[White "Calistri, Tristan"]
[Black "Bunzmann, Dimitrij"]
[Result "0-1"]
[WhiteElo "2368"]
[BlackElo "2525"]
[PlyCount "90"]
[EventDate "2007.05.??"]
[EventType "team"]
[EventRounds "11"]
[EventCountry "FRA"]
[SourceDate "2007.01.01"]
[WhiteTeam "Creteil"]
[BlackTeam "Drancy"]
[WhiteTeamCountry "FRA"]
[BlackTeamCountry "FRA"]

1. e4 e6 2. d4 d5 3. Nc3 Bb4 4. e5 c5 5. a3 Bxc3+ 6. bxc3 Ne7 7. Qg4 Qc7 8.
Qxg7 Rg8 9. Qxh7 cxd4 10. Ne2 Nbc6 11. f4 dxc3 12. Qd3 d4 13. Ng3 Bd7 14. Ne4
O-O-O 15. Rb1 Nxe5 16. fxe5 Qxe5 17. Qe2 Bc6 18. Ng3 Qd5 19. Qf2 f5 20. Rb4 a5
21. Rc4 e5 22. Be2 f4 23. Bxf4 Rdf8 24. Rxc6+ Qxc6 25. Bf3 Rxf4 26. Bxc6 Rxf2
27. Bxb7+ Kxb7 28. Kxf2 Rf8+ 29. Ke2 Nd5 30. Rf1 Nf4+ 31. Kf3 d3 32. Rb1+ Kc6
33. Ke3 d2 34. Ne2 Nxg2+ 35. Ke4 Kd6 36. Nxc3 Rf4+ 37. Kd3 Rd4+ 38. Ke2 Nf4+
39. Kd1 Kc5 40. Ne2 Nxe2 41. Kxe2 Kc4 42. h4 e4 43. Rh1 e3 44. Kd1 Rf4 45. h5
Rf2 0-1

[Event "TCh-FRA Top 16 Gp A/B"]
[Site "Clichy"]
[Date "2007.06.02"]
[Round "10.2"]
[White "Komarov, Dimitri"]
[Black "Romieux, Sebastien"]
[Result "1-0"]
[WhiteElo "2539"]
[BlackElo "2243"]
[PlyCount "79"]
[EventDate "2007.05.??"]
[EventType "team"]
[EventRounds "11"]
[EventCountry "FRA"]
[SourceDate "2007.01.01"]
[WhiteTeam "Drancy"]
[WhiteTeamCountry "FRA"]
[BlackTeamCountry "FRA"]

1. Nf3 Nf6 2. c4 e6 3. Nc3 Bb4 4. Qc2 O-O 5. a3 Bxc3 6. Qxc3 b6 7. b4 Bb7 8.
Bb2 d6 9. e3 a5 10. Be2 Nbd7 11. O-O Qe7 12. d3 Rfe8 13. Nd2 e5 14. e4 Nf8 15.
f4 axb4 16. axb4 Rxa1 17. Bxa1 exf4 18. Rxf4 Ne6 19. Rf2 c5 20. Qb3 Nd7 21. Nf1
Ra8 22. Bb2 Qg5 23. Rf5 Qh6 24. bxc5 Nexc5 25. Qd1 Ra2 26. Qb1 Ra6 27. Bd4 g6
28. Rf2 Bc6 29. Ne3 Ne5 30. h3 Qg5 31. Nd5 Ne6 32. Be3 Qg3 33. Qc1 Nc5 34. Ne7+
Kf8 35. Nxc6 Nb3 36. Bh6+ Ke8 37. Qb2 Nxc6 38. Qh8+ Kd7 39. Rxf7+ Ne7 40. Rxe7+
1-0